Statystyki dla Quiz z filmu "Kraina Lodu"

Kliknij tutaj aby rozwiązać quiz!

Ogólne statystyki

  • Ten quiz został rozwiązany 27 razy
  • Średni wynik to 9 z 20

Statystyki odpowiedzi

PytanieOdpowiedź% Poprawnych
Jakiego typu stworzeniem jest Olaf?Bałwan
100%
Jak mają na imię obie siostry?Anna
95%
Jak mają na imię obie siostry?Elsa
95%
Która piosenka z filmu zdobyła Oscara za najlepszą piosenkę oryginalną?Mam tę moc
77%
To pierwszy raz jak sięga ____, będzie bal i świateł moc.Pamięć
68%
Jakie jest ulubione jedzenie reniferów?Marchewki
64%
Jak nazywa się człowiek, który jest najlepszym przyjacielem renifera?Kristoff
55%
Cześć, jestem Olaf i trochę brakuje mi ____.Ciepła
50%
Jak nazywa się przystojny, ale zły książę?Hans
50%
Bo dla niektórych to warto się _______.Roztopić
50%
Jak ma na imię renifer?Sven
45%
Jakie stworzenia są "ekspertami od miłości"?Trolle
45%
W jakim fikcyjnym kraju rozgrywa się akcja filmu?Arendelle
32%
Kto napisał baśń "Królowa Śniegu", na podstawie której powstał film?Hans Christian Andersen
32%
Yoo-hoo! Ręczna _______.Robota
23%
O dobra wróżba, będę _____.Nadziany
18%
Jak nazywa się gigantyczny śnieżny potwór, który strzeże lodowego pałacu?Puszek
9%
Jaka aktorka podkładała głos starszej siostrze?Idina Menzel
5%
Kto podkładał głos młodszej siostrze?Kristen Bell
5%
Skąd pochodzi ten książę?Wyspy {Nasturii}
0%

Rozkład punktacji

Percentyl według liczby udzielonych odpowiedzi

Procent ludzi z każdym wynikiem

Twoja historia wyników

Nie rozwiązałeś tego quizu